Desert National Parks - Statistics

General Stats
  • This quiz has been taken 16 times
    9 since last reset
  • The average score is 8 of 12
Answer Stats
National Park % Correct
Grand Canyon
100%
Big Bend
88%
Joshua Tree
88%
Arches
75%
Death Valley
75%
Petrified Forest
75%
Canyonlands
63%
Capitol Reef
63%
Saguaro
63%
White Sands
63%
Guadalupe Mountains
50%
Carlsbad Caverns
38%
No matching quizzes found
Score Distribution
Percent of People with Each Score
Percentile by Number Answered
Your Score History
You have not taken this quiz since the last reset